00495nam a22001457a 4500020001800000040000900018082001700027100002500044245004800069260003900117650005600156942001200212999001900224952010600243 a9780023671715 cNust a621.395bLAL aParag K.Lala9127113 aPractical digital logic design and testing  aNew Jersey:bPrentice Hall,c1996. aPractical digital logic design and testing 9127114 2ddccBK c612400d612400 00102ddc4070aCEMEbCEMEcGENd2024-12-12l0o621.395 LALpCEME- 30285r2024-12-12w2024-12-12yBK